| 000 | 00844nam a2200241 i 4500 | ||
|---|---|---|---|
| 001 | bg | ||
| 100 | 1 | _aEBERHARDT, Piotr | |
| 245 | 1 | 0 |
_aMiędzy Rosją a Niemcami : _bprzemiany narodowościowe w Europie Środkowo-Wschodniej w XX w. / _cPiotr Eberhardt. |
| 260 |
_aWarszawa : _bWydaw. Naukowe PWN, _c1996. |
||
| 300 |
_a426, [2] s. : _bmapy, rys., wykr. ; _c21 cm. |
||
| 504 | _aBibliogr. s. 370-378. - Indeks. - Summ. | ||
| 650 | 9 |
_aMniejszości narodowe _xhistoria _zEuropa _y19-20 w. |
|
| 650 | 9 |
_aNaród _xsocjologia _y19-20 w. |
|
| 650 | 9 |
_aPolityka narodowościowa _zEuropa _y19-20 w. |
|
| 651 | 9 |
_aEuropa _xludność _xhistoria _y19-20 w. |
|
| 020 | _a8301120649 | ||
| 040 | _cBPK | ||
| 041 | 0 |
_apl _ben |
|
| 080 | _a940(-191.2-11)::323.1"18/19" | ||
| 920 | _a83-01-12064-9 | ||
| 942 | _cKS | ||
| 008 | s pl f |000 0 pol | ||
| 999 |
_c31313 _d31313 |
||
| 856 |
_uhttp://koha.tu.koszalin.pl/cgi-bin/koha/opac-detail.pl?biblionumber=31313 _yKatalog online BPK |
||